| 000 | 00698nam a2200193 4500 | ||
|---|---|---|---|
| 999 |
_c2405 _d2401 |
||
| 008 | 181003b m ||||| |||| 00| 0 m d | ||
| 020 | _a9789676125668 | ||
| 040 | _aJKKN | ||
| 082 | _a923.1595 | ||
| 245 | _aEMAS TEMPAWAN KEMBALI BERTAKHTA | ||
| 260 |
_aKuala Lumpur : _bArkib Negara Malaysia , _c2012 |
||
| 300 |
_axv, 114 pages: _bcolour photographs ; _c23 cm. |
||
| 337 |
_2rdamedia _aunmediated |
||
| 338 |
_2rdacarrier _avolume |
||
| 500 | _aTerbitan khas sempena pertabalan Seri Paduka Baginda Yang di-Pertuan Agong XIV | ||
| 600 |
_aTuanku Abdul Halim Mu'adzam Shah, _cSeri Paduka Baginda Yang di-Pertuan Agong XIV, _d1927- |
||
| 651 |
_aMalaysia _xKings and rulers |
||
| 942 |
_2ddc _cBK |
||